Last Names in TV Shows? Quiz Stats

 Plays Quiz Updated Mar 3, 2017

Support Sporcle.
Go Orange.
Score 0/18 Timer 05:00
0 Plays Today
% Correct
The Larry King
of Queens
88.2%
30 Kid Rock
86.9%
Rosa Parks
and Recreation
85.9%
Late Night with
Larry David Letterman
82.6%
Daryl Hannah
Montana
79.8%
The James Dean
Martin Show
76.2%
Hot in
Grover Cleveland
72.3%
Richard Dawson's
Creek
71.3%
Dirty Steve Jobs
69.9%
% Correct
The Neil Young
and the Restless
68.3%
Orange Is the New
Lewis Black
67.1%
The Jack Benny
Hill Show
65.3%
The Vicki Lawrence
Welk Show
63.6%
The Kids in the
Michael C. Hall
63.2%
Wayne Knight
Rider
62.6%
Maggie Grace
Under Fire
61.8%
Joel Grey's
Anatomy
59.9%
Sea Linda Hunt
56.2%

You're not logged in!

Compare scores with friends on all Sporcle quizzes.
OR
Log In

From the Vault

Animated Television Pets

by JackDots

Are they better than your pet? Maybe. Are they better than our pets at the office? No.
Remove Ads.
Support Sporcle.
Get the best of Sporcle when you Go Orange. This ad-free experience offers more features, more stats, and more fun while also helping to support Sporcle. Thank you for becoming a member.

Show Comments

Extras

Top Quizzes Today


Score Distribution

Your Account Isn't Verified!

In order to create a playlist on Sporcle, you need to verify the email address you used during registration. Go to your Sporcle Settings to finish the process.

Report this User

Report this user for behavior that violates our Community Guidelines.

Details: